[Event "GER-ch 86th"]
[Site "Saarbruecken"]
[Date "2015.12.08"]
[Round "6"]
[White "Scherer, Max"]
[Black "Margraf, Daniel"]
[Result "0-1"]
[WhiteElo "2236"]
[BlackElo "2277"]
[EventDate "2015.12.03"]
[PlyCount "132"]

1. c4 e5 2. g3 Nc6 3. Bg2 g6 4. Nc3 Bg7 5. Nf3 d6 6. d3 Nge7 7. e4 O-O 8. Be3 Nd4 9. Bxd4 exd4 10. Ne2 Nc6 11. h3 a5 12. O-O a4 13. Nf4 a3 14. b3 Nb4 15. Qd2 c5 16. Nd5 Nxd5 17. cxd5 b5 18. b4 Qb6 19. Rfc1 Bd7 20. e5 c4 21. dxc4 bxc4 22. Rxc4 dxe5 23. Ne1 Rfe8 24. Nd3 Bb5 25. Rc5 e4 26. Nf4 e3 27. Qd1 e2 28. Qd2 d3 29. Re1 Bd4 30. Nxd3 Bxd3 31. Qxd3 Bxc5 32. bxc5 Qxc5 33. d6 Rad8 34. d7 Re7 35. Rxe2 Rdxd7 36. Qf3 Rxe2 37. Qxe2 Re7 38. Qd2 Qe5 39. Bf3 Qe1+ 40. Qxe1 Rxe1+ 41. Kg2 Kg7 42. h4 f5 43. Bd5 Kf6 44. Kf3 Rd1 45. Bc4 Ke5 46. Bg8 h6 47. Bf7 Rd2 48. Ke3 Rc2 49. f4+ Kd6 50. Kf3 Kc5 51. Ke3 Rc3+ 52. Kf2 Kd4 53. Bxg6 Rc2+ 54. Kf3 Rxa2 55. Bxf5 Rf2+ 56. Kxf2 a2 57. Bg6 a1=Q 58. h5 Qh1 59. Bf7 Kd3 60. Bg6+ Kd2 61. f5 Qh2+ 62. Kf3 Qe2+ 63. Kf4 Qe3+ 64. Kg4 Ke2 65. f6 Qg5+ 66. Kh3 Kf2 0-1

[Event "GER-ch 86th"]
[Site "Saarbruecken"]
[Date "2015.12.08"]
[Round "6"]
[White "Stips, Felix"]
[Black "Groeger, Stefan"]
[Result "1/2-1/2"]
[WhiteElo "2319"]
[BlackElo "2087"]
[EventDate "2015.12.03"]
[PlyCount "56"]

1. Nf3 d5 2. d4 Nf6 3. c4 e6 4. Bf4 Nbd7 5. Nc3 c6 6. e3 Be7 7. Bd3 Nh5 8. c5 Nxf4 9. exf4 b6 10. b4 a5 11. a3 Qc7 12. g3 Ba6 13. O-O Bxd3 14. Qxd3 O-O 15. Ne2 Bf6 16. Qc3 axb4 17. axb4 bxc5 18. bxc5 Rxa1 19. Rxa1 g6 20. Ra6 Nb8 21. Ra4 Nd7 22. Qa5 Rc8 23. Qxc7 Rxc7 24. Ra6 Nb8 25. Rb6 Nd7 26. Ra6 Nb8 27. Rb6 Nd7 28. Ra6 Nb8 1/2-1/2

[Event "GER-ch 86th"]
[Site "Saarbruecken"]
[Date "2015.12.08"]
[Round "6"]
[White "Svane, Rasmus"]
[Black "Donchenko, Alexander"]
[Result "1/2-1/2"]
[WhiteElo "2534"]
[BlackElo "2582"]
[EventDate "2015.12.03"]
[PlyCount "100"]

1. c4 e6 2. Nc3 Nf6 3. e4 c5 4. e5 Ng8 5. Nf3 Nc6 6. d4 cxd4 7. Nxd4 Nxe5 8. Ndb5 f6 9. Be3 a6 10. Nd6+ Bxd6 11. Qxd6 Ne7 12. Bb6 Nf5 13. Qb4 Nc6 14. Qc5 Qe7 15. O-O-O Qxc5 16. Bxc5 d6 17. Ba3 Ne5 18. Be2 h5 19. Bxd6 Nxd6 20. Rxd6 Bd7 21. Rhd1 O-O-O 22. f3 h4 23. f4 Nf7 24. R6d3 Bc6 25. Bg4 f5 26. Rxd8+ Rxd8 27. Rxd8+ Kxd8 28. Bh5 Ke7 29. g3 hxg3 30. hxg3 Nd8 31. Kd2 e5 32. b4 exf4 33. gxf4 Ne6 34. Ke3 g5 35. fxg5 f4+ 36. Kd3 Nxg5 37. a4 b6 38. Kd4 f3 39. Ke3 a5 40. bxa5 bxa5 41. Nd5+ Kd6 42. Bxf3 Kc5 43. Bg2 Bxa4 44. Nc3 Bc2 45. Kd2 Bf5 46. Bd5 Kb4 47. Na2+ Ka3 48. Nc3 Kb4 49. Na2+ Ka3 50. Nc3 Kb4 1/2-1/2

[Event "GER-ch 86th"]
[Site "Saarbruecken"]
[Date "2015.12.08"]
[Round "6"]
[White "Tschann, Stephan"]
[Black "Fuellgrabe, Thomas"]
[Result "0-1"]
[WhiteElo "2262"]
[BlackElo "2244"]
[EventDate "2015.12.03"]
[PlyCount "78"]

1. Nf3 Nf6 2. c4 g6 3. Nc3 Bg7 4. e4 d6 5. d4 O-O 6. Be2 Bg4 7. Be3 Nfd7 8. Rc1 a6 9. Ng1 Bxe2 10. Ngxe2 c5 11. O-O Nc6 12. b3 Qa5 13. d5 Na7 14. Qd2 b5 15. Bh6 bxc4 16. Bxg7 Kxg7 17. Qg5 f6 18. Qh4 cxb3 19. axb3 Nb5 20. Nxb5 axb5 21. Rc3 Rf7 22. Rh3 Kg8 23. Nf4 Nf8 24. Ne6 Nxe6 25. dxe6 Rg7 26. e5 fxe5 27. Qe4 Rf8 28. Rf3 Rxf3 29. Qxf3 h6 30. h4 Kh7 31. h5 gxh5 32. Qf5+ Kg8 33. Qe4 Qb4 34. Qc2 Qg4 35. f4 exf4 36. Qe4 f3 37. Qa8+ Kh7 38. Rf2 fxg2 39. Qd5 Qg6 0-1

[Event "GER-ch 86th"]
[Site "Saarbruecken"]
[Date "2015.12.08"]
[Round "6"]
[White "Wild, Achim"]
[Black "Hilverda, Alexander"]
[Result "0-1"]
[WhiteElo "2182"]
[BlackElo "2385"]
[EventDate "2015.12.03"]
[PlyCount "84"]

1. Nf3 d5 2. c4 d4 3. g3 Nc6 4. Bg2 e5 5. O-O Nf6 6. d3 a5 7. e3 Bc5 8. exd4 Bxd4 9. Nxd4 Nxd4 10. h3 O-O 11. Re1 Re8 12. Nc3 c6 13. b3 Bf5 14. Bb2 Qc7 15. Kh2 Rad8 16. Ne4 Nxe4 17. dxe4 Bc8 18. Re3 c5 19. Rd3 Qb6 20. Bc3 Qc7 21. Rc1 b6 22. Rd2 Rd6 23. Qf1 h5 24. Bxd4 exd4 25. h4 Bb7 26. f3 Qe7 27. Re1 Re6 28. Bh3 Re5 29. Red1 Qc7 30. Rg2 Bc6 31. Qg1 Kh8 32. Kh1 f5 33. Bxf5 Rxf5 34. exf5 Bxf3 35. Kh2 Re4 36. Kh3 Bg4+ 37. Kh2 Bf3 38. Kh3 Qe5 39. Rf2 Bg4+ 40. Kg2 Re3 41. Rf4 Re2+ 42. Kh1 Qe4+ 0-1

[Event "GER-ch 86th"]
[Site "Saarbruecken"]
[Date "2015.12.08"]
[Round "6"]
[White "Zuferi, Enis"]
[Black "Weber, Max"]
[Result "1-0"]
[WhiteElo "2210"]
[BlackElo "2160"]
[EventDate "2015.12.03"]
[PlyCount "63"]

1. Nf3 Nf6 2. c4 g6 3. Nc3 d5 4. cxd5 Nxd5 5. Qa4+ Bd7 6. Qh4 Nxc3 7. dxc3 Nc6 8. e4 e5 9. Qg3 Bd6 10. Bc4 Qe7 11. O-O h6 12. b4 g5 13. Nd2 Nd8 14. Bb3 Ne6 15. Nc4 Nf4 16. Qe3 O-O 17. Nxd6 Qxd6 18. Rd1 Qe7 19. g3 Ne6 20. Qe2 Rad8 21. Be3 Bc6 22. Qg4 Bd7 23. Qf5 Nf4 24. Rxd7 Qxd7 25. gxf4 Qxf5 26. exf5 gxf4 27. Bc5 Rfe8 28. f6 Rd2 29. Be7 e4 30. Re1 e3 31. fxe3 f3 32. Rf1 1-0

[Event "GER-ch 86th"]
[Site "Saarbruecken"]
[Date "2015.12.09"]
[Round "7"]
[White "Bastian, Herbert"]
[Black "Wild, Achim"]
[Result "1-0"]
[WhiteElo "2328"]
[BlackElo "2182"]
[EventDate "2015.12.03"]
[PlyCount "57"]

1. e4 c6 2. d4 d5 3. exd5 cxd5 4. c4 Nf6 5. Nc3 g6 6. Nf3 Bg7 7. Be2 O-O 8. O-O Nc6 9. h3 dxc4 10. Bxc4 Na5 11. Be2 Be6 12. Re1 Bc4 13. Bxc4 Nxc4 14. Qe2 Rc8 15. Qxe7 Qb6 16. Ne4 Nd5 17. Qh4 Nb4 18. Bh6 Rfd8 19. Bxg7 Kxg7 20. Neg5 h6 21. Nxf7 Kxf7 22. Re7+ Kf8 23. Rae1 g5 24. Nxg5 Qg6 25. Ne6+ Kg8 26. Nxd8 Rxd8 27. R7e6 Qg5 28. Rg6+ Qxg6 29. Qxd8+ 1-0

[Event "GER-ch 86th"]
[Site "Saarbruecken"]
[Date "2015.12.09"]
[Round "7"]
[White "Bischoff, Klaus"]
[Black "Kollars, Dmitrij"]
[Result "1/2-1/2"]
[WhiteElo "2497"]
[BlackElo "2445"]
[EventDate "2015.12.03"]
[PlyCount "70"]

1. c4 Nf6 2. Nc3 g6 3. e4 d6 4. d4 Bg7 5. Nf3 O-O 6. Be2 e5 7. d5 a5 8. Be3 Ng4 9. Bg5 f6 10. Bh4 h5 11. Nd2 Nh6 12. f3 Na6 13. Bd3 Qe8 14. Qe2 f5 15. Bf2 Bd7 16. h4 Nc5 17. Bc2 fxe4 18. Ndxe4 Nxe4 19. Bxe4 Nf5 20. O-O-O Nd4 21. Qd3 Bf5 22. Kb1 c5 23. Be3 Qd7 24. a4 Rf7 25. Rdf1 Raf8 26. Qd1 Kh7 27. Bd3 Bh6 28. Bf2 Kg8 29. Ne4 Qd8 30. Be1 Be3 31. Bc3 Bf4 32. Rfg1 Be3 33. Re1 Bf4 34. Reg1 Be3 35. Re1 Bf4 1/2-1/2

[Event "GER-ch 86th"]
[Site "Saarbruecken"]
[Date "2015.12.09"]
[Round "7"]
[White "Bode, Wilfried"]
[Black "Braun, Christian1"]
[Result "0-1"]
[WhiteElo "2338"]
[BlackElo "2397"]
[EventDate "2015.12.03"]
[PlyCount "74"]

1. Nf3 Nf6 2. g3 g6 3. Bg2 Bg7 4. O-O O-O 5. d4 d6 6. a4 c6 7. a5 d5 8. Bf4 c5 9. dxc5 Ne4 10. c4 dxc4 11. Qc2 Nxc5 12. Nbd2 Nc6 13. Rfd1 Bf5 14. Qxc4 Ne6 15. a6 Na5 16. Qa2 Nxf4 17. gxf4 b6 18. Rac1 Rc8 19. b4 Nc6 20. Nc4 Nxb4 21. Qa3 Nc2 22. Qb3 Qc7 23. Nfe5 Be6 24. Nc6 Nd4 25. Nxd4 Bxc4 26. Qb4 Bxd4 27. Rxd4 b5 28. Bb7 Rcd8 29. Re4 e6 30. Re5 Qd6 31. Qxd6 Rxd6 32. e3 Rfd8 33. Rc5 Rd2 34. Rc8 Rxc8 35. Bxc8 Kf8 36. Bb7 Ke7 37. Bg2 Kd6 0-1

[Event "GER-ch 86th"]
[Site "Saarbruecken"]
[Date "2015.12.09"]
[Round "7"]
[White "Carow, Johannes"]
[Black "Poetsch, Hagen"]
[Result "1/2-1/2"]
[WhiteElo "2431"]
[BlackElo "2514"]
[EventDate "2015.12.03"]
[PlyCount "69"]

1. d4 d5 2. c4 Nc6 3. Nc3 Nf6 4. cxd5 Nxd5 5. Nf3 e5 6. dxe5 Bb4 7. Bd2 Nxc3 8. bxc3 Ba5 9. Qc2 Qe7 10. g3 Nxe5 11. Nxe5 Qxe5 12. Qa4+ Bd7 13. Qd4 Qxd4 14. cxd4 Bxd2+ 15. Kxd2 Bc6 16. Rg1 f5 17. e3 O-O-O 18. Bd3 g6 19. Rgc1 Rd5 20. Rc3 Ra5 21. a3 Rd8 22. Rac1 Rd7 23. Bc4 Kd8 24. Be6 Re7 25. Bc4 g5 26. Rg1 Rg7 27. Bd3 Rf7 28. f4 g4 29. Rb1 h5 30. Re1 Rd7 31. Rec1 Rdd5 32. Bc4 Rd6 33. Bd3 Rdd5 34. Bc4 Rd6 35. Bd3 1/2-1/2

[Event "GER-ch 86th"]
[Site "Saarbruecken"]
[Date "2015.12.09"]
[Round "7"]
[White "Donchenko, Alexander"]
[Black "Hirneise, Jens"]
[Result "1-0"]
[WhiteElo "2582"]
[BlackElo "2266"]
[EventDate "2015.12.03"]
[PlyCount "79"]

1. d4 Nf6 2. c4 g6 3. Nc3 Bg7 4. e4 d6 5. f3 O-O 6. Be3 a6 7. Nge2 c6 8. g4 b5 9. h4 e5 10. dxe5 dxe5 11. Qc2 Be6 12. Ng3 Nbd7 13. h5 Qe7 14. Qh2 Rfb8 15. hxg6 fxg6 16. g5 Nh5 17. Nxh5 gxh5 18. Qxh5 Nf8 19. c5 Bf7 20. Qh4 Bg6 21. Ne2 Ne6 22. Bh3 Nxc5 23. Bf5 Nd3+ 24. Kf1 Rd8 25. Ng3 Qf7 26. Kg1 Bf8 27. Rh2 Rd6 28. Kh1 Nf4 29. Bxf4 exf4 30. Qxf4 Rad8 31. Qg4 Rd1+ 32. Rxd1 Rxd1+ 33. Kg2 Rd2+ 34. Kh3 Rxh2+ 35. Kxh2 Bxf5 36. Nxf5 Qxa2 37. Nh6+ Kg7 38. Qd7+ Kg6 39. Qf5+ Kh5 40. Nf7 1-0

[Event "GER-ch 86th"]
[Site "Saarbruecken"]
[Date "2015.12.09"]
[Round "7"]
[White "Dorst, Johannes"]
[Black "Middelhoff, Cornelius"]
[Result "1/2-1/2"]
[WhiteElo "2224"]
[BlackElo "2137"]
[EventDate "2015.12.03"]
[PlyCount "247"]

1. e4 c5 2. Nf3 Nc6 3. d4 cxd4 4. Nxd4 Qb6 5. Nb3 Nf6 6. Nc3 e6 7. Qe2 Bb4 8. Bd2 O-O 9. a3 Be7 10. O-O-O d5 11. Be3 Qc7 12. exd5 Nxd5 13. Nxd5 exd5 14. Nd4 Bf6 15. Qd2 Na5 16. Bf4 Qb6 17. Qb4 Qxb4 18. axb4 Nc6 19. Nb5 Be6 20. Nc7 Rad8 21. Nxe6 fxe6 22. b5 Ne7 23. g3 e5 24. Bd2 e4 25. Bh3 Kf7 26. Bb4 Rfe8 27. Kb1 Ng6 28. Bg2 Ne5 29. Rhe1 g5 30. h3 h5 31. Ka2 g4 32. hxg4 hxg4 33. Rh1 Kg7 34. Rh5 Rh8 35. Rxh8 Kxh8 36. Bc3 Rd7 37. Bxe5 Bxe5 38. Bxe4 Rf7 39. Rxd5 Bc7 40. Rh5+ Kg7 41. Rg5+ Kf8 42. Rxg4 Rxf2 43. Rg6 Re2 44. Bd3 Re7 45. Rg4 Re3 46. Ra4 Bxg3 47. Rxa7 Re7 48. Bf5 b6 49. Ra3 Bh2 50. Rh3 Bg1 51. Rh8+ Kf7 52. Rd8 Re5 53. Bd3 Ke7 54. Rc8 Kd7 55. Rc6 Bc5 56. Kb3 Rd5 57. Be4 Re5 58. Bd3 Rd5 59. Kc3 Be3 60. Rg6 Kc7 61. Kb3 Rd6 62. Rg7+ Rd7 63. Rg3 Bf2 64. Rf3 Bg1 65. Ka2 Rd5 66. Kb1 Rg5 67. Kc1 Bd4 68. c3 Bg1 69. Kd2 Bc5 70. Rh3 Bg1 71. Be2 Rd5+ 72. Ke1 Rg5 73. Bd3 Re5+ 74. Kf1 Be3 75. Rh7+ Kc8 76. Rh8+ Kc7 77. Rh7+ Kc8 78. Rh2 Rg5 79. Ke2 Re5 80. Kf3 Bg5 81. Kg4 Bc1 82. Rc2 Bh6 83. c4 Bf8 84. Bf5+ Kc7 85. Rh2 Bc5 86. Rh7+ Re7 87. Rh2 Bd6 88. Rd2 Re3 89. Bd3 Bb4 90. Rd1 Bd6 91. Kf5 Re5+ 92. Kf6 Re3 93. Kf7 Re7+ 94. Kf6 Re3 95. b3 Bc5 96. Kf5 Bd6 97. Bc2 Re2 98. Be4 Re3 99. Rb1 Bb4 100. Rb2 Kd6 101. Kf4 Rc3 102. Rd2+ Kc7 103. Rb2 Kd6 104. Bf3 Kc7 105. Ke4 Ba3 106. Rh2 Rxb3 107. Rh7+ Kd8 108. Bg4 Bc5 109. Kd5 Re3 110. Kc6 Re7 111. Rh8+ Re8 112. Rh6 Re7 113. Rg6 Rc7+ 114. Kd5 Ke7 115. Be6 Bb4 116. Rg7+ Kd8 117. Rg8+ Ke7 118. Bg4 Rc5+ 119. Kd4 Be1 120. Rb8 Bf2+ 121. Kd3 Rg5 122. Bf3 Re5 123. Bc6 Bc5 124. Rb7+ 1/2-1/2

[Event "GER-ch 86th"]
[Site "Saarbruecken"]
[Date "2015.12.09"]
[Round "7"]
[White "Fridman, Daniel"]
[Black "Kunin, Vitaly L"]
[Result "1/2-1/2"]
[WhiteElo "2627"]
[BlackElo "2561"]
[EventDate "2015.12.03"]
[PlyCount "69"]

1. d4 d5 2. c4 dxc4 3. e4 e5 4. Nf3 exd4 5. Bxc4 Nc6 6. O-O Nf6 7. e5 Ne4 8. Re1 Nc5 9. Bg5 Be7 10. Bxe7 Qxe7 11. Nxd4 Nxd4 12. Qxd4 Be6 13. Bf1 Rd8 14. Qe3 O-O 15. Nc3 a5 16. Rad1 b6 17. g3 Rxd1 18. Rxd1 Rd8 19. Rd4 Rxd4 20. Qxd4 Qd7 21. Qxd7 Nxd7 22. f4 f6 23. exf6 Nxf6 24. a3 Kf7 25. Nb5 c6 26. Nd4 Bd7 27. Nf3 Ke6 28. Ne5 Kd6 29. Nxd7 Nxd7 30. Kf2 Nc5 31. Ke3 b5 32. Kd2 Ne4+ 33. Ke3 Nc5 34. Kd2 Ne4+ 35. Ke3 1/2-1/2

[Event "GER-ch 86th"]
[Site "Saarbruecken"]
[Date "2015.12.09"]
[Round "7"]
[White "Fuellgrabe, Thomas"]
[Black "Stips, Felix"]
[Result "1/2-1/2"]
[WhiteElo "2244"]
[BlackElo "2319"]
[EventDate "2015.12.03"]
[PlyCount "119"]

1. e4 d5 2. exd5 Qxd5 3. Nc3 Qd6 4. d4 Nf6 5. Nf3 c6 6. Ne5 Nbd7 7. Nc4 Qc7 8. Qf3 Nb6 9. Bf4 Qd8 10. h3 Nxc4 11. Bxc4 Qxd4 12. Bb3 e6 13. Rd1 Qc5 14. O-O Be7 15. Rfe1 O-O 16. Re5 Qb6 17. Qg3 Kh8 18. Rg5 h6 19. Bc7 Qb4 20. a3 Qxc3 21. bxc3 Ne4 22. Qe3 Nxg5 23. a4 Re8 24. a5 a6 25. c4 Nh7 26. c5 Nf6 27. c4 Nd7 28. Bd6 Bd8 29. Bc2 Bxa5 30. Qd3 f5 31. Qf3 Nf6 32. Be5 Bd8 33. Bxf6 Bxf6 34. Qh5 Rf8 35. Qg6 a5 36. g4 a4 37. f4 Be7 38. g5 Bxc5+ 39. Kh1 hxg5 40. fxg5 Be3 41. h4 a3 42. Bb3 a2 43. Bxa2 Rxa2 44. h5 Bf4 45. h6 Rh2+ 46. Kg1 Rxh6 47. gxh6 Bxh6 48. Kf2 b5 49. c5 b4 50. Rb1 Bd2 51. Rh1+ Bh6 52. Rh4 f4 53. Rh3 e5 54. Rb3 Bf5 55. Qd6 g6 56. Rxb4 e4 57. Rb7 e3+ 58. Ke1 f3 59. Qd4+ Kg8 60. Qc4+ 1/2-1/2

[Event "GER-ch 86th"]
[Site "Saarbruecken"]
[Date "2015.12.09"]
[Round "7"]
[White "Groeger, Stefan"]
[Black "Paulsen, Dirk"]
[Result "1-0"]
[WhiteElo "2087"]
[BlackElo "2303"]
[EventDate "2015.12.03"]
[PlyCount "35"]

1. d4 Nf6 2. Nf3 c5 3. e3 b6 4. Be2 g6 5. b3 Bg7 6. Bb2 O-O 7. O-O Na6 8. c4 cxd4 9. Nxd4 Bb7 10. Nc3 Nc5 11. b4 Ne6 12. Qb3 Rc8 13. Rfd1 Qc7 14. Rac1 Qb8 15. a3 Qa8 16. Bf1 a6 17. Na4 Qb8 18. Nxb6 1-0

[Event "GER-ch 86th"]
[Site "Saarbruecken"]
[Date "2015.12.09"]
[Round "7"]
[White "Hilverda, Alexander"]
[Black "Keymer, Vincent"]
[Result "1-0"]
[WhiteElo "2385"]
[BlackElo "2342"]
[EventDate "2015.12.03"]
[PlyCount "61"]

1. d4 d5 2. c4 c6 3. Nf3 Nf6 4. Nc3 dxc4 5. a4 Bf5 6. Ne5 Nbd7 7. Nxc4 Nb6 8. Ne5 a5 9. f3 Nfd7 10. Nxd7 Nxd7 11. e4 Bg6 12. Be2 e5 13. f4 exf4 14. O-O Qb6 15. Bxf4 Bb4 16. h4 h6 17. h5 Bh7 18. Qd3 O-O 19. Rad1 Kh8 20. Qg3 Rae8 21. Bc7 Qa7 22. Bc4 f6 23. Kh1 Nb6 24. Bb3 Qa6 25. e5 fxe5 26. Rxf8+ Bxf8 27. dxe5 Nc4 28. Qf4 Nxb2 29. Rd8 Rxd8 30. Bxd8 Bb4 31. Qf7 1-0

[Event "GER-ch 86th"]
[Site "Saarbruecken"]
[Date "2015.12.09"]
[Round "7"]
[White "Mailitis, Kai"]
[Black "Frischmann, Rick"]
[Result "0-1"]
[WhiteElo "2087"]
[BlackElo "2274"]
[EventDate "2015.12.03"]
[PlyCount "52"]

1. d4 d5 2. Nf3 Nc6 3. Bg5 f6 4. Bh4 Bg4 5. Nc3 Nh6 6. e3 Nf5 7. Bg3 Qd7 8. Be2 O-O-O 9. Qd2 h5 10. h3 Nxg3 11. fxg3 Be6 12. O-O-O g6 13. Nh4 Bf7 14. Bd3 Qe8 15. Bb5 Bh6 16. Kb1 a6 17. Ba4 Qd7 18. Qe2 Qd6 19. Nf3 Na5 20. e4 dxe4 21. Nxe4 Qb4 22. Nc5 e5 23. Qe1 Qb6 24. Qc3 Nc4 25. Nb3 e4 26. Nfd2 Nxd2+ 0-1

[Event "GER-ch 86th"]
[Site "Saarbruecken"]
[Date "2015.12.09"]
[Round "7"]
[White "Mueller, Nick"]
[Black "Margraf, Daniel"]
[Result "1-0"]
[WhiteElo "2175"]
[BlackElo "2277"]
[EventDate "2015.12.03"]
[PlyCount "53"]

1. e4 c5 2. Nf3 d6 3. Bb5+ Nc6 4. O-O Bd7 5. Re1 a6 6. Bf1 Nf6 7. c3 Bg4 8. h3 Bxf3 9. Qxf3 g6 10. Qd1 Bg7 11. d4 cxd4 12. cxd4 e5 13. d5 Nd4 14. Be3 O-O 15. Nd2 Rc8 16. Bd3 Nh5 17. Nb3 Qf6 18. Qd2 h6 19. Rad1 Kh7 20. Bb1 Rc4 21. Rc1 Rfc8 22. Kh2 g5 23. Nxd4 g4 24. Rxc4 Rxc4 25. Qe2 g3+ 26. fxg3 Nxg3 27. Qxc4 1-0

[Event "GER-ch 86th"]
[Site "Saarbruecken"]
[Date "2015.12.09"]
[Round "7"]
[White "Mueller, Reinhold"]
[Black "Tschann, Stephan"]
[Result "0-1"]
[WhiteElo "2324"]
[BlackElo "2262"]
[EventDate "2015.12.03"]
[PlyCount "80"]

1. d4 Nf6 2. c4 e6 3. Nf3 d5 4. g3 Be7 5. Bg2 O-O 6. Qc2 c5 7. dxc5 Qa5+ 8. Nbd2 Qxc5 9. O-O b5 10. b4 Qc7 11. c5 a5 12. Nb3 Nc6 13. bxa5 e5 14. Bb2 Re8 15. Rfd1 Bf8 16. e4 d4 17. Ne1 Be6 18. Nd3 Reb8 19. f4 Ng4 20. Re1 Ne3 21. Rxe3 dxe3 22. Nxe5 Nxa5 23. Nd4 Qxc5 24. Qxc5 Bxc5 25. Nxe6 fxe6 26. Bh3 Re8 27. Kf1 Nc4 28. Nxc4 bxc4 29. a4 Kf7 30. a5 Red8 31. Bc3 Rd3 32. Rc1 Rb8 33. Bg4 Ba3 34. Rc2 Rb1+ 35. Kg2 Rc1 36. Rxc1 Bxc1 37. Be1 Bd2 38. Kf1 c3 39. Bd1 Bxe1 40. Kxe1 Rd2 0-1

[Event "GER-ch 86th"]
[Site "Saarbruecken"]
[Date "2015.12.09"]
[Round "7"]
[White "Stern, Rene"]
[Black "Khenkin, Igor"]
[Result "1/2-1/2"]
[WhiteElo "2538"]
[BlackElo "2594"]
[EventDate "2015.12.03"]
[PlyCount "32"]

1. d4 d5 2. c4 e6 3. Nf3 Nf6 4. Nc3 c6 5. cxd5 exd5 6. Bg5 h6 7. Bh4 Bf5 8. e3 Nbd7 9. Bd3 Bxd3 10. Qxd3 Be7 11. O-O O-O 12. Bg3 Re8 13. Qc2 Nh5 14. Be5 Nhf6 15. Bg3 Nh5 16. Be5 Nhf6 1/2-1/2

[Event "GER-ch 86th"]
[Site "Saarbruecken"]
[Date "2015.12.09"]
[Round "7"]
[White "Voigt, Martin"]
[Black "Riegler, Dieter"]
[Result "1-0"]
[WhiteElo "2342"]
[BlackElo "2075"]
[EventDate "2015.12.03"]
[PlyCount "59"]

1. e4 c5 2. Nf3 d6 3. d4 cxd4 4. Nxd4 Nf6 5. Nc3 Nc6 6. Bc4 Qb6 7. Nb3 e6 8. a4 Be7 9. O-O O-O 10. a5 Qc7 11. f4 Bd7 12. a6 b6 13. Nb5 Qb8 14. Qe2 Rd8 15. Bd2 e5 16. f5 Be8 17. Bg5 Qc8 18. Bxf6 Bxf6 19. Rad1 Na5 20. Nxa5 bxa5 21. Nc3 Rb8 22. b3 Bc6 23. Qh5 Rd7 24. Rf3 Qd8 25. Kh1 Rb4 26. Rfd3 Kh8 27. Rh3 h6 28. Bxf7 Bxe4 29. Be6 Rc7 30. Rxd6 1-0

[Event "GER-ch 86th"]
[Site "Saarbruecken"]
[Date "2015.12.09"]
[Round "7"]
[White "Weber, Max"]
[Black "Scherer, Max"]
[Result "1/2-1/2"]
[WhiteElo "2160"]
[BlackElo "2236"]
[EventDate "2015.12.03"]
[PlyCount "97"]

1. d4 b6 2. e4 e6 3. Bd3 Bb7 4. Ne2 c5 5. c3 Nf6 6. Nd2 Nc6 7. O-O Qc7 8. a3 d5 9. e5 Nd7 10. f4 g6 11. Nf3 h6 12. Be3 O-O-O 13. b4 c4 14. Bc2 a6 15. Kf2 Ne7 16. Ke1 Bg7 17. Kd2 f5 18. exf6 Nxf6 19. Ne5 Nf5 20. Nxg6 Rhg8 21. Bxf5 exf5 22. Ng3 Kb8 23. Ne5 Rdf8 24. Kc2 Ne8 25. Qh5 Nd6 26. Bd2 Bc6 27. a4 Be8 28. Qf3 Qb7 29. a5 b5 30. Rae1 Bf6 31. Re2 Bh4 32. Nh1 Ne4 33. Qh3 Bd8 34. Nf2 h5 35. Nxe4 dxe4 36. Be1 Be7 37. Bh4 Bd6 38. Qe3 Qd5 39. g3 Rg7 40. Rd2 Kc8 41. Rg1 Rfg8 42. h3 Bd7 43. Bg5 Be6 44. Bf6 Rh7 45. Rdg2 Bxe5 46. fxe5 Bd7 47. Bh4 Rhg7 48. Qh6 Rg6 49. Qf4 1/2-1/2

[Event "GER-ch 86th"]
[Site "Saarbruecken"]
[Date "2015.12.09"]
[Round "7"]
[White "Zude, Erik"]
[Black "Svane, Rasmus"]
[Result "1/2-1/2"]
[WhiteElo "2394"]
[BlackElo "2534"]
[EventDate "2015.12.03"]
[PlyCount "118"]

1. c4 c6 2. Nc3 d5 3. cxd5 cxd5 4. d4 Nf6 5. Bf4 Nc6 6. e3 Bf5 7. Qb3 Na5 8. Qa4+ Bd7 9. Qc2 e6 10. Bd3 Nc6 11. Qd1 Be7 12. h3 Qb6 13. Nge2 O-O 14. O-O Rfc8 15. a3 Na5 16. Rb1 h6 17. Be5 Nc4 18. Nf4 Qd8 19. Qe2 Bc6 20. Bxf6 Bxf6 21. Bxc4 dxc4 22. Rfd1 b5 23. d5 exd5 24. Nfxd5 Bxc3 25. bxc3 Qf8 26. Qg4 Bxd5 27. Rxd5 Qxa3 28. Rbxb5 Qxc3 29. Rf5 Rc7 30. Qf4 Rac8 31. Rb8 Rxb8 32. Qxc7 Rf8 33. g4 Qb3 34. Rc5 Qb8 35. Qc6 a5 36. Rxc4 Qa8 37. Qxa8 Rxa8 38. Ra4 Kf8 39. Kf1 Ke7 40. Ke2 Kd6 41. Kd3 Kc5 42. Kc3 Kb5 43. Kb3 Ra6 44. Rd4 Rf6 45. f4 Kc6 46. Ka4 Re6 47. e4 Rd6 48. Rc4+ Kd7 49. Kxa5 Rd3 50. h4 Rf3 51. e5 Rg3 52. f5 Re3 53. Kb6 Rxe5 54. Rc7+ Ke8 55. Rc8+ Ke7 56. Rc7+ Kf6 57. Rc6+ Ke7 58. Rc7+ Ke8 59. Rc8+ Ke7 1/2-1/2

[Event "GER-ch 86th"]
[Site "Saarbruecken"]
[Date "2015.12.09"]
[Round "7"]
[White "Zuferi, Enis"]
[Black "Liedtke, Matthias"]
[Result "1/2-1/2"]
[WhiteElo "2210"]
[BlackElo "2286"]
[EventDate "2015.12.03"]
[PlyCount "159"]

1. e4 e6 2. d4 d5 3. Nd2 Be7 4. e5 c5 5. c3 cxd4 6. cxd4 Nh6 7. Bd3 Nc6 8. Ne2 Nf5 9. Nf3 a5 10. Bd2 b6 11. Rc1 Nb4 12. Bb1 Ba6 13. Bc3 Qd7 14. h4 h5 15. Nf4 g6 16. g3 Bc4 17. b3 Ba6 18. Qd2 Rc8 19. a3 Nc6 20. Bb2 Nb8 21. Rc3 Rc6 22. Ng2 Qc8 23. Rxc6 Qxc6 24. Ne3 Qb5 25. Nxf5 exf5 26. Qe3 Nc6 27. Kd2 Nd8 28. Ne1 Ne6 29. f4 Kd7 30. Qd3 a4 31. Qxb5+ Bxb5 32. bxa4 Bxa4 33. Nc2 Ra8 34. Ne3 Bc6 35. Nc2 Nc7 36. Re1 Ba4 37. Re3 Bb5 38. Rb3 Ra6 39. Nb4 Bxb4+ 40. Rxb4 Bc4 41. a4 Kc6 42. Bc2 Ra7 43. Bd1 b5 44. Bc3 bxa4 45. Bxa4+ Bb5 46. Bb3 Ra3 47. Bc2 Ra2 48. Kc1 Na6 49. Rb1 Ba4 50. Bd3 Rg2 51. Be1 Nc7 52. Rb2 Rg1 53. Kd2 Nb5 54. Rb4 Rg2+ 55. Ke3 Ra2 56. Bd2 Ra3 57. Bc1 Ra2 58. Bb2 Nc7 59. Bb1 Na6 60. Rc4+ dxc4 61. Bxa2 Kd5 62. Ba3 Nb8 63. Kd2 Kxd4 64. Bb2+ Kd5 65. Kc3 Bb5 66. Kb4 Ba6 67. Ka5 Nc6+ 68. Kb6 Nb4 69. Bb1 Bc8 70. Bc3 Nc6 71. Bc2 Nd4 72. Ba4 Ke4 73. Kc5 Ne2 74. Be1 c3 75. Kd6 Be6 76. Ke7 Nxg3 77. Bxg3 Kd3 78. Be1 c2 79. Bxc2+ Kxc2 80. Kf6 1/2-1/2

[Event "GER-ch 86th"]
[Site "Saarbruecken"]
[Date "2015.12.10"]
[Round "8"]
[White "Braun, Christian1"]
[Black "Bischoff, Klaus"]
[Result "1-0"]
[WhiteElo "2397"]
[BlackElo "2497"]
[EventDate "2015.12.03"]
[PlyCount "57"]

1. e4 c5 2. Nf3 Nc6 3. d4 cxd4 4. Nxd4 Qb6 5. Nb3 Nf6 6. Nc3 e6 7. Bd3 Be7 8. Be3 Qc7 9. f4 d6 10. O-O O-O 11. Qf3 a6 12. Rae1 b5 13. e5 dxe5 14. fxe5 Nd7 15. Bf4 Ndxe5 16. Rxe5 Nxe5 17. Bxe5 Qxe5 18. Qxa8 Bd6 19. g3 Qe3+ 20. Rf2 Qb6 21. Be4 Bb8 22. Kg2 Ba7 23. Rf1 b4 24. Nd1 a5 25. Qc6 Qd8 26. Nf2 a4 27. Qxa4 Qb6 28. Qc6 Ba6 29. Nd3 1-0

[Event "GER-ch 86th"]
[Site "Saarbruecken"]
[Date "2015.12.10"]
[Round "8"]
[White "Frischmann, Rick"]
[Black "Stern, Rene"]
[Result "0-1"]
[WhiteElo "2274"]
[BlackElo "2538"]
[EventDate "2015.12.03"]
[PlyCount "84"]

1. d4 Nf6 2. c4 e6 3. g3 Bb4+ 4. Bd2 a5 5. Bg2 d6 6. e3 O-O 7. Ne2 Bxd2+ 8. Qxd2 c6 9. O-O b6 10. Nbc3 Ba6 11. b3 d5 12. cxd5 cxd5 13. Rfc1 Qd7 14. Na4 Qb7 15. Bf1 Nbd7 16. f3 Rfc8 17. Nb2 Ne8 18. Nc3 Nd6 19. Bxa6 Qxa6 20. Rc2 Qb7 21. Rac1 g6 22. Kf2 h5 23. Nd3 Kg7 24. Na4 Rxc2 25. Rxc2 Rc8 26. Rxc8 Nxc8 27. Qc3 Ne7 28. Nab2 Nc6 29. Kg2 Qc7 30. Kf2 Qd6 31. Kg2 Ne7 32. b4 Nc6 33. a3 axb4 34. axb4 Ne7 35. Na4 Nf5 36. Kf2 h4 37. Ne5 hxg3+ 38. hxg3 Nxe5 39. dxe5 Qd8 40. f4 Qh8 41. Kg2 d4 42. exd4 Qa8+ 0-1